000 02016cam a2200361Ma 4500
999 _c225
_d225
001 .b1286447x
003 OCoLC
005 20190801151638.0
008 120720s2012 enkac g 001 0 eng
020 _a9781409376415 (hbk)
020 _a1409376419
035 _a(OCoLC)801357615
_z(OCoLC)858552585
040 _aAU@
_beng
_cAU@
_dOCLCO
_dLAP
_dAUMCS
_dOCLCF
_dAUMCS
_dYDXCP
_dOCLCQ
_dT3M
042 _anbic
082 0 4 _a330 ECO
_223
245 0 4 _aThe Economics Book /
_ccontributors: Niall Kishtainy, consultant editor [and 6 others]
264 1 _aLondon :
_bDorling Kindersley,
_c2012.
300 _avi, 352 pages :
_billustrations (some color), portraits ;
_c25 cm.
336 _atext
_btxt
_2rdacontent.
337 _aunmediated
_bn
_2rdamedia.
338 _avolume
_bnc
_2rdacarrier.
490 1 _aBig Ideas Simply Explained.
500 _aIncludes index.
505 0 _aIntroduction -- Let the Trading Begin -- The Age of Reason -- Industrial and Economic Revolutions -- War and Depressions -- Post-War Economics -- Contemporary Economics -- Directory -- Glossary -- Index -- Acknowledgements.
520 _aAll the big ideas, simply explained - an innovative and accessible guide to economics. Bring economics to life with The Economics Book, an essential guide to more that 100 of the big ideas in economic theory and practice covering everything from ancient theories right up to cutting-edge modern developments. From Aristotle to John Maynard Keynes and beyond, all the greatest economists and their theories are featured and the innovative graphics, step-by-step summaries and mind maps help clarify hard-to-grasp concepts. The Economics Book is perfect for economic students and anyone who has an interest in how economies work.
650 0 _aEconomics.
650 0 _aEconomics
_xHistory.
650 7 _aEconomics.
_2fast
_0(OCoLC)fst00902116.
655 7 _aHistory.
_2fast
_0(OCoLC)fst01411628.
700 1 _aKishtainy, Niall.
_eEditor
830 0 _aBig ideas simply explained.
942 _2ddc
_cNFIC